000 01183nam a2200361 a 4500
001 vtls000183813
003 NLI
005 20210602111252.0
008 101125s2006 nyu 001 0 eng
020 _a0415701376 :
_cPND 70.00
020 _a9780415701365
039 9 _y201011252214
_zVLOAD
040 _aNLI
_beng
_cDatasoft 1
_eAACR2
041 0 _aeng
044 _anyu
082 0 4 _a909
245 0 0 _aGlobalization and global history /
_cedited by Barry K. Gills and William R. Thompson
260 _aNew York :
_bRoutledge,
_c2006
300 _axvii, 302 p. ;
_c24 cm.
440 0 _aRethinking globalizations ;
_v2
_9359259
500 _aIncludes index
650 0 _aGlobalization
_92610
650 0 _aInternational trade
_95607
650 0 _aEconomic history
_9337
700 1 _aGills, Barry K.,
_d1956-,
_4edt
_9359418
700 1 _aThompson, William R.,
_4edt
_9295171
887 _a
901 _a553039
_b19.7.2006
902 _aE 909 G 51
942 _2ddc
_cBKS
949 _AVIRTUAITEM
_D10000
_X100
_6PUR000553039ENG
999 _aVIRTUA40
_c190815
_d190815
999 _aVTLSSORT0080*0200*0201*0400*0410*0440*0820*2450*2600*3000*4400*5000*6500*6501*6502*7000*7001*9010*9020*9490*9991